000 01240cam a22003617a 4500
003 CHAP
005 20220329133059.0
008 971013s1990 r 00010 d
010 _a1932
011 _a2904
035 _a2104
040 _cCHAP
090 _aTesis
100 0 0 _aRamírez Juárez, Javier.
_994079
245 1 3 _aLa trasnacionalización de la agricultura en México
_b: el caso de Tierra Caliente, Guerrero
260 _aChapingo, Méx. :
_bEl Autor,
_c1990
300 _a92 h.
500 _aD43-213
502 _aTesis (Ing. Agr. Esp. en Sociología Rural) -- UACH. Departamento de Sociología Rural
590 _aALEPH
_b10
_c20130110
_lUCH01
_h1210
590 _aBATCH-UPD
_b10
_c20130109
_lUCH01
_h2330
590 _aBATCH-UPD
_b10
_c20130110
_lUCH01
_h1117
590 _aBATCH-UPD
_b10
_c20130410
_lUCH01
_h0708
590 _aBATCH-UPD
_b10
_c20130914
_lUCH01
_h0840
590 _aCONVERSION
_b10
_c20130109
_lUCH01
_h1302
650 1 4 _aAgricultura
_xAspectos economicos
_xGuerrero.
_91252
650 1 4 _aCapital en agricultura.
_918710
650 1 4 _aEmpresas comerciales internacionales.
_936653
650 1 4 _aMelón
_xGuerrero.
_974461
901 _aBK
942 _cTESIS
949 _bBC
_cTES
_d-11602
_eTS1
_h24223
_i2104
_si
999 _c1932
_d1932